Responses for Show #7451 - Monday, January 23, 2017

Contestants

[<< previous game]

Vidya Srinivasan, a student from Chevy Chase, Maryland

Sean Harrington, an engineer from Houston, Texas

Neil Uspal, a pediatric emergency medicine physician from Seattle, Washington (whose 2-day cash winnings total $25,400)

[next game >>]

Jeopardy! Round responses

FROM CHUMPS TO CHAMPS
HEALTH & MEDICINE
QUIZINE
SHOOTING BLANKS
GREEK LETTERS & ROMAN NUMERALS
AMERICAN WOMEN
    $200 1
the Boston Celtics

Neil
    $200 6
(Sean: What is the liver?)

the spleen

NeilSean
    $200 10
Jell-O

Neil
    $200 8
the breeze

Neil
    $200 22
365

Vidya
    $200 14
(Vidya: Who is Marilyn Monroe?)

Eleanor Roosevelt

SeanVidya
    $400 2
the New York Mets

Sean
    $400 7
fiber

Sean
    $400 12
(Sean: What is octopus?)

squid

NeilSean
    $400 18
the rapids

Neil
    $400 23
gamma

Vidya
    $400 15
a feminist

Sean
    $600 3
the Tampa Bay Rays

Sean
    $600 9
osteoporosis

Vidya
    $600 19
fish in a barrel

Neil
    $600 28
4027

Sean
    $600 16
the Boston Marathon

Sean
    $800 4
the Trail Blazers

Neil
    $800 11
(Neil: What is cortisol?)

cortisone

NeilSean
    $800 26
(Neil: What is gumbo?)
(Vidya: What is jambalaya?)

étouffée

NeilSeanVidya
    $800 20
the messenger

Sean
    $800 24
(Alex: Less than a minute now.)

psi

Sean
    $800 17
(Alex: She ran The Washington Post.)

Katharine Graham

Triple Stumper
    $1000 5
the Atlanta Braves

Neil
    $2,200 13
(Neil: What is blindness?)
(Alex: Be more specific.)
(Neil: What is [*]?)

color blindness

Neil
    $1000 27
halal

Vidya
    $1000 21
the moon

Sean
    $1000 25
416

Vidya
    $1000 29
(Vidya: Who is Susan B. Anthony?)
...
[The end-of-round signal sounds.]

Julia Ward Howe

Vidya
Triple Stumper

Scores at the first commercial break (after clue 15):

Neil Sean Vidya
$4,400 $2,200 $400

Scores at the end of the Jeopardy! Round:

Neil Sean Vidya
$4,600 $6,800 $1,200

Double Jeopardy! Round responses

PYRAMIDS
BOOKS BY PROFESSORS
NATIONAL PARKS OF THE WORLD
RELIGIOUS MATTERS
DOUBLE O, 7
(Alex: Each correct response will be a 7-letter word, and it will have a double "O" in it.)
OTHER BOND FILM CHARACTERS
    $400 21
(Neil: What is the Excalibur?)

Luxor

NeilSean
    $400 2
Tasmania

Sean
    $400 3
crooner

Vidya
    $400 8
M

Sean
    $800 22
(Michael) Strahan

Neil
    $800 16
the Hatfields and McCoys

Neil
    $800 12
(Vidya: What is a Gila monster?)

the Komodo dragon

Vidya
Triple Stumper
    $800 1
Shiva

Neil
    $800 7
caboose

Sean
    $800 9
Felix

Sean
    $1200 23
the Louvre

Neil
    $1200 17
William Strunk, Jr.

Triple Stumper
    $1200 13
the Mayan civilization

Sean
    $4,000 19
(Neil: Who is John?)
(Alex: No. Who is the patron saint of Venice? [*].)

Saint Mark

Neil
    $1200 4
snooker

Vidya
    $1200 10
Q

Sean
    $1600 20
Bratislava

Sean
    $1600 18
Wounded Knee

Neil
    $4,000 14
Angel Falls

Sean
    $1600 26
[The end-of-round signal sounds.]

Sikhism

Neil
    $1600 5
vamoose

Sean
    $1600 11
SPECTRE

Neil
    $2000 24
(Alex: Less than a minute now.)

an eye (the Eye of God)

Vidya
    $2000 25
(Sean: Who are the Moonies?)

the Unification Church

Sean
Triple Stumper
    $2000 6
a bassoon

Neil
    $2000 15
Moonraker

Neil

Scores at the end of the Double Jeopardy! Round:

Neil Sean Vidya
$12,600 $17,200 $4,000

[wagering suggestions for these scores]

Final Jeopardy! Round responses

ANIMAL SONGS
(Alex: No, the song was [*]. And the play and the film--Who's Afraid of Virginia Woolf?)
VidyaWhat is Jumb
$0
NeilWhat is 101 Dalmatians
$4,601
SeanWhat is Bluebird
$8,000
"Who's Afraid Of The Big Bad Wolf?"

Final scores:

Neil Sean Vidya
$7,999 $9,200 $4,000
2nd place: $2,000 New champion: $9,200 3rd place: $1,000

Game dynamics:

Coryat scores:

Neil Sean Vidya
$15,400 $14,800 $4,000
19 R
(including 1 DD),
4 W
(including 1 DD)
22 R
(including 1 DD),
3 W
8 R,
4 W

Combined Coryat: $34,200

[game clues] [game scores] [suggest correction]

Game tape date: 2016-09-28
The J! Archive is created by fans, for fans. Scraping, republication, monetization, and malicious use prohibited; this site may use cookies and collect identifying information. See terms. The Jeopardy! game show and all elements thereof, including but not limited to copyright and trademark thereto, are the property of Jeopardy Productions, Inc. and are protected under law. This website is not affiliated with, sponsored by, or operated by Jeopardy Productions, Inc. Join the discussion at JBoard.tv.